00414nam a2200157Ia 4500001000500000005001700005008004100022041000800063082001600071100003400087245008200121260000900203300002800212650000800240654000800248858820260306160620.0260306t2003||||xx |||||||||||||| ||spa|| aESP a371.2bA48A aAlvarado Oyarce, OtonieleAUT 0aGerencia y marketing educativo:bherramientas modernas de gestión educativa c2003 a182 páginas :c21 cm. aGEN aCED